Statistics for 50 Largest Cities in Utah

Click here to take the quiz!

General Stats

  • This quiz has been taken 241 times
    (177 since last reset)
  • The average score is 27 of 50

Answer Stats

PopulationCity% Correct
199,725Salt Lake City
99%
115,165Provo
93%
87,325Ogden
90%
116,965West Jordan
88%
98,130Orem
88%
95,345St. George
88%
140,230West Valley City
83%
52,780Logan
81%
96,905Sandy
81%
75,910Lehi
81%
77,490South Jordan
77%
42,605Spanish Fork
77%
51,020Draper
75%
33,340American Fork
74%
50,640Murray
72%
81,775Layton
72%
45,765Bountiful
69%
35,240Cedar City
65%
60,450Taylorsville
63%
55,145Herriman
57%
45,290Riverton
57%
19,655Brigham City
56%
35,745Tooele
55%
21,910North Salt Lake
55%
24,535Farmington
55%
26,780South Salt Lake
53%
35,270Springville
51%
63,385Millcreek
45%
21,105Payson
45%
37,730Pleasant Grove
44%
36,725*Kearns
43%
20,920North Ogden
41%
36,030Midvale
40%
27,995Washington
39%
33,620Cottonwood Heights
39%
39,310Roy
39%
29,255*Magna
38%
37,700Saratoga Springs
37%
32,950Kaysville
35%
16,885Centerville
34%
16,860Heber City
33%
17,490South Ogden
32%
20,040Hurricane
30%
31,970Holladay
30%
19,350Highland
30%
43,625Eagle Mountain
30%
31,910Clearfield
29%
32,145Syracuse
25%
23,390Clinton
11%
16,740West Haven
9%

Score Distribution

Percentile by Number Answered

Percent of People with Each Score

Your Score History

You have not taken this quiz since the last reset